Terrakotta

Elmentve itt :
Bibliográfiai részletek
Szerző: Trencsényi László
Dokumentumtípus: Cikk
Megjelent: 1993
Sorozat:Iskolakultúra 3 No. 18
Kulcsszavak:Történelem tanítása - középiskola, Történelem - tankönyv - könyvismertetés
Online Access:http://misc.bibl.u-szeged.hu/43870
LEADER 00640nab a2200181 i 4500
001 misc43870
005 20191106141245.0
008 180910s1993 hu o 0|| zxx d
022 |a 1215-5233 
040 |a SZTE Miscellanea Repozitórium  |b hun 
041 |a zxx 
100 1 |a Trencsényi László 
245 1 0 |a Terrakotta  |h [elektronikus dokumentum] /  |c  Trencsényi László 
260 |c 1993 
300 |a 85-87 
490 0 |a Iskolakultúra  |v 3 No. 18 
695 |a Történelem tanítása - középiskola, Történelem - tankönyv - könyvismertetés 
856 4 0 |u http://misc.bibl.u-szeged.hu/43870/1/iskolakultura_1993_018_085-087.pdf  |z Dokumentum-elérés